Study on porcine reproductive and respiratory symdrom on fattening pigs at duong meng farm in kampong speu province, ការសិក្សាពីជំងឹត្រចៀកខៀវលើជ្រូកសាច់នៅកសិដ្ឋានដួង ម៉េង ដែលស្ថិតក្នុងឃុំតំាស្យា ស្រុកភ្នំស្រួច ខេត្តកំពង់ស្ពឹ (Record no. 7123)

000 -LEADER
fixed length control field 00816nam a22001337a 4500
040 ## - CATALOGING SOURCE
Transcribing agency RUA
082 ## - DEWEY DECIMAL CLASSIFICATION NUMBER
Classification number VEM TAN 2014 B438 Or.1
100 ## - MAIN ENTRY--AUTHOR NAME
Personal name TANG KIMHENG ; តំាង គឹមហេង
245 ## - TITLE STATEMENT
Title Study on porcine reproductive and respiratory symdrom on fattening pigs at duong meng farm in kampong speu province, ការសិក្សាពីជំងឹត្រចៀកខៀវលើជ្រូកសាច់នៅកសិដ្ឋានដួង ម៉េង ដែលស្ថិតក្នុងឃុំតំាស្យា ស្រុកភ្នំស្រួច ខេត្តកំពង់ស្ពឹ
260 ## - PUBLICATION, DISTRIBUTION, ETC. (IMPRINT)
Place of publication Phnom Penh
Name of publisher RUA
Year of publication 2014
300 ## - PHYSICAL DESCRIPTION
Number of Pages x ;44p.
Other physical details ill.
Dimensions 29cm.
856 ## - ELECTRONIC LOCATION AND ACCESS
Uniform Resource Identifier https://drive.google.com/file/d/1ShIEYA95HUcrclOqHkoUELXxu0lLas8B/view?usp=sharing
942 ## - ADDED ENTRY ELEMENTS (KOHA)
Koha item type VEM
952 ## - LOCATION AND ITEM INFORMATION (KOHA)
Withdrawn status [LOCAL, KOHA] 0
952 ## - LOCATION AND ITEM INFORMATION (KOHA)
Withdrawn status [LOCAL, KOHA] 0
952 ## - LOCATION AND ITEM INFORMATION (KOHA)
Withdrawn status [LOCAL, KOHA] 0
952 ## - LOCATION AND ITEM INFORMATION (KOHA)
Withdrawn status [LOCAL, KOHA] 0
952 ## - LOCATION AND ITEM INFORMATION (KOHA)
Withdrawn status [LOCAL, KOHA] 0
952 ## - LOCATION AND ITEM INFORMATION (KOHA)
Withdrawn status [LOCAL, KOHA] 0
952 ## - LOCATION AND ITEM INFORMATION (KOHA)
Withdrawn status [LOCAL, KOHA] 0
952 ## - LOCATION AND ITEM INFORMATION (KOHA)
Withdrawn status [LOCAL, KOHA] 0
Holdings
Permanent Location Date acquired Koha item type Lost status Shelving location Barcode Current Location Full call number
Library Block B2016-02-26VEM B438RUA053277Library Block BVEM TAN 2014 B438 Or.1
Library Block B2016-02-26VEM B438RUA053179Library Block BVEM TAN 2014 B438 Or.2
Library Block B2016-02-26VEM B438RUA053286Library Block BVEM TAN 2014 B438 Or.3
Library Block B2016-02-26VEM B438RUA053299Library Block BVEM TAN 2014 B438 Or.4
Library Block B2016-02-26VEM B438RUA053406Library Block BVEM TAN 2014 B438 Or.5
Library Block B2016-02-26VEM B438RUA052353Library Block BVEM TAN 2014 B438 Or.6
Library Block B2016-02-26VEM B438RUA052420Library Block BVEM TAN 2014 B438 Or.7
Library Block B2016-02-26VEM B438RUA052418Library Block BVEM TAN 2014 B438 Or.8
មជ្ឈមណ្ឌលឯការនៃសាកលវិទ្យាល័យភូមិន្ទកសិកម្មចំការដូង

Powered by Koha